000 00730nam a2200289Ia 4500
005 20260324134043.0
008 008 260324s9999 xx 000 0 eng d
020 _a9781315499734
037 _aEBOOK
040 _aCRL
040 _beng
040 _cCRL
041 _2eng
041 _aeng
084 _qCRL
100 _aDorene Isenberg; Gary Dymski
_91195400
245 0 _aSeeking Shelter on the Pacific Rim
245 0 _bFinancial Globalization, Social Change, and the Housing Market
260 _bTaylor and Francis
260 _c2002
365 _a
365 _b230
856 _uhttp://www.taylorfrancis.com/books/9781315499734
942 _cEBOOK
999 _c1795063
_d1795063